Manga Seinen les plus populaires en France - Statistiques

Statistiques générales
  • Ce quiz a été pris 45 fois
  • Le résultat moyen est 6 sur 20
Statistiques - réponses
Hint Réponse % Correct
1 Berserk
92%
7 Monster
78%
4 Kingdom
72%
8 Vagabond
56%
3 Vinland Saga
56%
6 20th Century Boys
47%
2 Tokyo Ghoul
36%
10 Bonne nuit Punpun
28%
15 Gunnm
25%
13 Parasite
25%
5 Sun Ken Rock
19%
9 Kaguya-Sama
17%
14 Ajin
14%
20 Banana Fish
6%
12 Sky-High Survival
6%
18 Valkyrie Apocalypse
6%
17 Beastars
3%
19 The Rising of the Shield Hero
3%
16 Look Back
0%
11 Sexy Cosplay Doll
0%
Aucun quiz correspondant
Distribution des résultats
% des personnes avec chaque résultat
Percentile par nombre de réponses
Votre historique - résultats
Vous n’avez pas pris ce quiz